| 000 | 00564cab a2200217 4500 | ||
|---|---|---|---|
| 001 | A232 | ||
| 008 | 090401t1983 xxu||||| |||| 00| 0 eng d | ||
| 035 | _a(Sirsi) u27953 | ||
| 041 | _aeng | ||
| 100 | _aCrosby, Neil | ||
| 245 | 4 | _aThe investment method of valuation: a real value approach | |
| 260 | _c1983 | ||
| 350 | _a0 | ||
| 490 |
_aJournal of Valuation _v1(4) 1983, 341-350(8) |
||
| 650 | _aINVESTMENT METHOD | ||
| 650 | _aREAL VALUE APPROACH | ||
| 650 | _aVALUATION METHODS | ||
| 690 | _aRATING AND VALUATION | ||
| 942 | _n0 | ||
| 948 | _c04/03/1997 | ||
| 999 |
_c18847 _d18847 |
||